| 000 | 00965 a2200193 4500 | ||
|---|---|---|---|
| 003 | Nust | ||
| 005 | 20230128131401.0 | ||
| 022 | _a047166782x | ||
| 040 | _cNust | ||
| 082 | _a 621.3824,BLA | ||
| 100 |
_aBalanis, Constantine A., _918297 |
||
| 245 |
_aAntenna theory : _banalysis and design / _hConstantine A. Balanis. |
||
| 250 | _a3rd ed. | ||
| 260 |
_aHoboken, NJ : _bJohn Wiley, _cc2005 |
||
| 300 |
_axvii, 1050 p. : _bill. ; _c26 cm. |
||
| 505 | _aAntennas (Page-1), Fundamental Parameters of Antennas (Page-27), Linear Wire Antennas (Page-151), Loop Antennas (Page-231), Arrays (Page-283), Antenna Synthesis (Page-385), Integral Equations (Page-433), Broadband Dipoles (Page-497), Traveiing Wave (Page-549) , Aperture Antennas (Page-653), Horn Antennas (Page-739), Microstrip Antennas (Page-811), Refiector Antennas (Page-883), Smart Antennas (Page-945), Antenna Measurements (Page-1001). | ||
| 650 | _aTelecommunication Engineering | ||
| 942 |
_2ddc _cBK |
||
| 999 |
_c195241 _d195241 |
||